150 Most Populated Cities In The World - Statistics

General Stats
  • This quiz has been taken 48 times
  • The average score is 80 of 150
Answer Stats
Number Population Answer % Correct
1 37,194,000 Tokyo
95%
2 32,941,000 Delhi
93%
31 11,208,000 Paris
93%
8 21,766,000 Beijing
91%
30 11,249,000 Jakarta
91%
60 6,751,000 Madrid
91%
26 12,680,000 Moscow
91%
11 18,937,000 New York City
91%
16 15,848,000 Istanbul
88%
6 22,281,000 Mexico City
88%
33 11,070,000 Bangkok
86%
140 3,574,000 Berlin
86%
20 14,284,000 Guangzhou
86%
19 14,667,000 Manila
86%
88 5,235,000 Melbourne
86%
9 21,297,000 Mumbai
86%
79 5,561,000 Saint Petersburg
86%
35 9,988,000 Seoul
86%
89 5,121,000 Sydney
86%
39 9,500,000 Tehran
86%
63 6,372,000 Toronto
86%
29 11,508,000 Bogota
84%
27 12,534,000 Los Angeles
84%
23 13,728,000 Rio De Jeneiro
84%
3 29,211,000 Shanghai
84%
75 5,687,000 Barcelona
81%
7 22,183,000 Cairo
81%
87 5,253,000 Hanoi
81%
18 15,333,000 Kolkata
81%
32 11,204,000 Lima
81%
17 15,490,000 Buenos Aires
79%
52 7,685,000 Hong Kong
79%
15 15,946,000 Lagos
79%
10 19,013,000 Osaka
79%
109 4,316,000 Rome
79%
5 22,620,000 Sao Paulo
79%
84 5,397,000 Ankara
77%
42 8,937,000 Chicago
77%
4 23,210,000 Dhaka
77%
67 6,198,000 Johannesburg
77%
13 17,236,000 Karachi
77%
22 13,979,000 Lahore
77%
110 4,308,000 Montreal
77%
69 6,081,000 Singapore
77%
43 8,785,000 Xian
77%
93 4,873,000 Brasilia
74%
92 4,890,000 Cape Town
74%
40 9,321,000 Ho Chi Minh City
74%
58 6,903,000 Santiago
74%
44 8,718,000 Wuhan
74%
51 7,711,000 Baghdad
72%
65 6,265,000 Miami
72%
38 9,569,000 Nagoya
72%
100 4,589,000 Kabul
70%
14 16,316,000 Kinshasa
70%
74 5,785,000 Philadelphia
70%
143 3,519,000 Seattle
70%
78 5,588,000 Alexandria
67%
149 3,430,000 Dakar
67%
64 6,344,000 Khartoum
67%
53 7,682,000 Riyadh
67%
37 9,654,000 Chengdu
65%
50 7,777,000 Dar es Salaam
65%
61 6,707,000 Houstin
65%
34 10,801,000 Hyderabad
65%
86 5,325,000 Nairobi
65%
21 14,239,000 Tianjin
65%
80 5,490,000 Washington DC
65%
82 5,461,000 Addis Ababa
63%
108 4,,344,000 Boston
63%
147 3,472,000 Busan
63%
62 6,574,000 Dallas
63%
83 5,420,000 Guadalajara
63%
118 4,102,00 Medellin
63%
97 4,717,000 Phoenix
63%
133 3,840,000 Abuja
60%
129 3,893,000 Casablanca
60%
41 9,292,000 Luanda
60%
125 3,935,000 Xiamen
60%
76 5,686,000 Abidjan
58%
90 5,117,000 Monterrey
58%
68 6,106,000 Atlanta
56%
66 6,248,000 Belo Horizonte
56%
85 5,380,000 Chittagong
56%
142 3,521,000 Detroit
56%
47 8,237,000 Hangzhou
56%
107 4,348,000 Kano
56%
95 4,863,000 Jeddah
53%
49 8,065,000 Surat
51%
77 5,610,000 Yangon
51%
132 3,846,000 Kampala
47%
36 9,699,000 Nanjing
47%
113 4,207,000 Jaipur
44%
123 3,958,000 Salvador
42%
54 7,681,000 Shenyang
42%
105 4,421,000 Tel Aviv
42%
103 4,549,000 Yaounde
42%
114 4,206,000 Fortaleza
40%
126 3,922,000 Fuzhou
40%
124 3,945,000 Lucknow
40%
71 5,987,000 Qingdao
40%
24 13,608,000 Bangalore
37%
135 3,813,000 Curitiba
37%
46 8,622,000 Kuala Lumpur
37%
70 6,078,000 Dalian
35%
96 4,761,000 Kunming
35%
12 17,341,000 Chongqing
33%
120 4,063,000 Douala
33%
81 5,490,000, Fukuoka
33%
130 3,875,000 Ibadan
33%
101 4,574,000 Shantou
33%
25 13,073,000 Shenzhen
33%
144 3,511,000 Asuncion
30%
72 5,859,000 Zhengzhou
30%
131 3,872,000 Antananarivo
28%
99 4,616,000 Hefei
26%
112 4,212,000 Porto Alegre
26%
138 3,711,000 Faisalabad
23%
73 5,806,000 Jinan
23%
115 4,192,000 Nanning
23%
111 4,264,000 Recife
23%
128 3,920,000 Wenzhou
23%
150 3,423,000 Campinas
21%
56 7,587,000 Dongguan
21%
55 7,597,000 Foshan
21%
28 11,776,000 Madras
21%
102 4,538,000 Ningbo
21%
148 3,437,000 Wuxi
21%
91 4,921,000 Changsha
19%
116 4,145,000 Taiyuan
19%
98 4,710,000 Changchun
16%
146 3,408,000 Port Harcourt
16%
48 8,074,000 Suzhou
16%
127 3,920,000 Nanchang
14%
45 8,651,000 Ahmadabad
12%
136 3,768,000 Kumasi
12%
134 3,815,000 Tangshen
12%
139 3,581,000 Guiyang
9%
122 3,982,000 Changzhou
7%
59 6,804,000 Haerbin
7%
137 3,729,000 Bekasi
2%
119 4,089,000 Calicut
2%
117 4,118,000 Ekurhuleni
2%
121 4,009,000 Malappuram
2%
57 7,166,000 Poona
2%
145 3,482,000 Thrissur
2%
94 4,865,000 Wulumqi
2%
104 4,504,000 Xinbei
2%
141 3,524,000 Santa Damingo
0%
106 4,370,000 Shijazhuang
0%
No matching quizzes found
Score Distribution
Percent of People with Each Score
Percentile by Number Answered
Your Score History
You have not taken this quiz